| 000 | 01222nam a2200229Ia 4500 | ||
|---|---|---|---|
| 001 | L200-52635 | ||
| 003 | IT-CnALBA | ||
| 008 | 170116s9999||||xx |||||||||||||| ||und|| | ||
| 040 |
_aIT-CnALBA _cIT-CnALBA |
||
| 041 | _aITALIANO | ||
| 100 | _aTETTAMANZI DIONIGI, MONS. | ||
| 245 | 0 | _aPAROLE DI VITA PER LA CITTÀ DELL'UOMO. | |
| 250 | _a1a ed. | ||
| 260 |
_a TORINO - ROMA _bMARIETTI EDITORE _c1999 [1° Ed.:1999 - Ed.Ling.Originale: 1999] |
||
| 300 | _a262 p. | ||
| 500 | _aSAGGISTICA. PREFAZIONE DI FAZIO A. INTERVENTI SU PROBLEMI SOCIALI E POLITICI IN PROSPETTIVA PASTORALE. RITORNARE A DIO NEL FARE POLITICA. GIUBILEO, IMPEGNI SOCIALI E POLITICI. LA MISSIONE DELLA CHIESA NEGLI AMBIENTI. CRITERI DI ORDINE SPIRITUALE, CULTURAL | ||
| 501 | _aSocietà San Paolo EM - Piazza San Paolo, 14 - 12051 ALBA (CN) (non commercial uses only) ® Copyright 2017 | ||
| 520 | _aSAGGISTICA. PREFAZIONE DI FAZIO A. INTERVENTI SU PROBLEMI SOCIALI E POLITICI IN PROSPETTIVA PASTORALE. RITORNARE A DIO NEL FARE POLITICA. GIUBILEO, IMPEGNI SOCIALI E POLITICI. LA MISSIONE DELLA CHIESA NEGLI AMBIENTI. CRITERI DI ORDINE SPIRITUALE, CULTURAL | ||
| 650 | _aRELIGIONE - RELIGIONE CRISTIANA | ||
| 942 | _cBK | ||
| 957 | _71 | ||
| 999 |
_a69239 _bNO _g Copie: 1 _c311514 _d311514 |
||